|
|
|
|
| LEADER |
01526nam a2200397Ia 4500 |
| 001 |
EBC3339018 |
| 003 |
MiAaPQ |
| 005 |
20200520144314.0 |
| 006 |
m o d | |
| 007 |
cr cn||||||||| |
| 008 |
080918s2009 maua sb 001 0 eng d |
| 010 |
|
|
|z 2008041180
|
| 020 |
|
|
|z 9780262182645 (hbk.)
|
| 035 |
|
|
|a (MiAaPQ)EBC3339018
|
| 035 |
|
|
|a (Au-PeEL)EBL3339018
|
| 035 |
|
|
|a (CaPaEBR)ebr10290031
|
| 035 |
|
|
|a (CaONFJC)MIL224060
|
| 035 |
|
|
|a (OCoLC)405031043
|
| 040 |
|
|
|a MiAaPQ
|c MiAaPQ
|d MiAaPQ
|
| 050 |
|
4 |
|a HC59.7
|b .R648 2009
|
| 082 |
0 |
4 |
|a 338.9109172/4
|2 22
|
| 100 |
1 |
|
|a Rottenburg, Richard.
|
| 240 |
1 |
0 |
|a Weit hergeholte fakten.
|l English
|
| 245 |
1 |
0 |
|a Far-fetched facts
|h [electronic resource] :
|b a parable of development aid /
|c Richard Rottenburg ; translated by Allison Brown and Tom Lampert.
|
| 260 |
|
|
|a Cambridge, Mass. ;
|a London :
|b MIT Press,
|c c2009.
|
| 300 |
|
|
|a xxxvii, 235 p. :
|b ill.
|
| 490 |
1 |
|
|a Inside technology
|
| 500 |
|
|
|a Translated from the German.
|
| 504 |
|
|
|a Includes bibliographical references and index.
|
| 533 |
|
|
|a Electronic reproduction. Ann Arbor, MI : ProQuest, 2015. Available via World Wide Web. Access may be limited to ProQuest affiliated libraries.
|
| 650 |
|
0 |
|a Economic assistance
|z Developing countries.
|
| 650 |
|
0 |
|a Social change
|z Developing countries.
|
| 655 |
|
4 |
|a Electronic books.
|
| 710 |
2 |
|
|a ProQuest (Firm)
|
| 830 |
|
0 |
|a Inside technology.
|
| 856 |
4 |
0 |
|u https://ebookcentral.proquest.com/lib/matrademy/detail.action?docID=3339018
|z Click to View
|